La instrucción pública en Alcalá de Henares (Record no. 176699)

MARC details
000 -LEADER
campo de control de longitud fija 00825nam a22002295i 4500
001 - NÚMERO DE CONTROL
campo de control 176699
003 - IDENTIFICADOR DE NÚMERO DE CONTROL
campo de control ES-MaACL
005 - FECHA Y HORA DE LA ÚLTIMA TRANSACCIÓN
campo de control 20230906220150.0
008 - DATOS DE LONGITUD FIJA--INFORMACIÓN GENERAL
campo de control de longitud fija 110202s2005 sp o |||| | spa d
020 ## - NÚMERO INTERNACIONAL ESTÁNDAR DEL LIBRO
Número Internacional Estándar del Libro 84-95011-92-1
080 ## - NÚMERO DE LA CLASIFICACIÓN DECIMAL UNIVERSAL
Número de la Clasificación Decimal Universal 37(460.27 Alcalá de Henares)
100 1# - ENTRADA PRINCIPAL--NOMBRE DE PERSONA
Nombre de persona Brihuega Moreno, Urbano.
9 (RLIN) 144994
245 13 - MENCIÓN DEL TÍTULO
Título La instrucción pública en Alcalá de Henares
Resto del título : el período entre repúblicas, 1873-1939 /
Mención de responsabilidad, etc. Urbano Brihuega Moreno.
260 ## - PUBLICACIÓN, DISTRIBUCIÓN, ETC.
Lugar de publicación, distribución, etc. Alcalá de Henares :
Nombre del editor, distribuidor, etc. Fundación Colegio del Rey,
Fecha de publicación, distribución, etc. D. L. 2005.
300 ## - DESCRIPCIÓN FÍSICA
Extensión 558, 7 p. :
Otras características físicas fot. bl. y n. ;
Dimensiones 21 cm.
490 1# - MENCIÓN DE SERIE
Mención de serie Alcalá Ensayo ;
Designación de volumen o secuencia 23
504 ## - NOTA DE BIBLIOGRAFÍA, ETC.
Nota de bibliografía, etc. Bibliografía: p. 543-546.
650 #4 - PUNTO DE ACCESO ADICIONAL DE MATERIA--TÉRMINO DE MATERIA
Término de materia o nombre geográfico como elemento de entrada Enseñanza-
Subdivisión geográfica Alcalá de Henares.
9 (RLIN) 144995
830 0# - PUNTO DE ACCESO ADICIONAL DE SERIE-TÍTULO UNIFORME
Título uniforme Alcalá Ensayo ;
Designación de volumen o secuencia 23
9 (RLIN) 185763
852 ## - LOCALIZACIÓN
Ubicación ES-MaACL
Número de control de estantería E-14170
Holdings
Estatus retirado Estado de pérdida Estado de daño No para préstamo Biblioteca de origen Biblioteca actual Ubicación en estantería Fecha de adquisición Fuente de adquisición Total de préstamos Signatura topográfica completa Código de barras Visto por última vez Precio de reemplazo Tipo de ítem Koha
        Biblioteca del Ateneo de Madrid Biblioteca del Ateneo de Madrid Depósito 2 02/02/2011     E-14170 1185586 23/02/2023 23/02/2023 Libro impreso